• 首页
  • 本馆介绍
  • 公告通知
  • 最新文献
  • 馆藏检索
  • 电子资源
  • 读者导购
  • 参考咨询
  • 我的图书馆
  • 登录
  • 详细信息显示
  • 放入我的书架
  • 预约/预借图书
  • 作者相关作品
  • 分类相关作品
  • 丛书相关作品
  • 出版社相关作品

书目信息

  • 表格格式
  • 工作单格式
  • 卡片格式
题名:
三维创意之3D打印
    
 
作者: 丁焱 著
分册:  
出版信息: 北京   世界图书出版公司  2019
页数: 162页
开本: 23cm
丛书名:
单 册:
中图分类: TS853
科图分类:
主题词: 立体印刷--印刷术
电子资源:
ISBN: 978-7-5192-5523-7
000 00972nam0 2200229 45
001 012001003361
005 20140130111857.0
010    @a978-7-5192-5523-7@dCNY42.00
100    @a20190103d2019 em y0chiy0110 ea
101 0  @achi
102    @aCN@b110000
105    @ay z 000yy
106    @ar
200 1  @a三维创意之3D打印@9san wei chuang yi zhi 3 D da yin@f丁焱著
210    @a北京@c世界图书出版公司@d2019
215    @a162页@d23cm
330    @a3D打印(3DP)即快速成型技术的一种,它是一种以数字模型文件为基础,运用粉末状金属或塑料等可粘合材料,通过逐层打印的方式来构造物体的技术。3D打印通常是采用数字技术材料打印机来实现的。常在模具制造、工业设计等领域被用于制造模型,后逐渐用于一些产品的直接制造,已经有使用这种技术打印而成的零部件。本书介绍了3D打印的操作技巧和案例分析,让老师们快速掌握3D打印的原理和技能。
606 0  @a立体印刷@x印刷术
690    @aTS853@v5
701  0 @a丁焱@9ding yan@4著
801  0 @aCN@b北京卓展@c20191020
905    @b1211355-8@dTS853@e83@f4
    
    三维创意之3D打印/丁焱著.-北京:世界图书出版公司,2019
    162页;23cm
    
    
    ISBN 978-7-5192-5523-7:CNY42.00
    3D打印(3DP)即快速成型技术的一种,它是一种以数字模型文件为基础,运用粉末状金属或塑料等可粘合材料,通过逐层打印的方式来构造物体的技术。3D打印通常是采用数字技术材料打印机来实现的。常在模具制造、工业设计等领域被用于制造模型,后逐渐用于一些产品的直接制造,已经有使用这种技术打印而成的零部件。本书介绍了3D打印的操作技巧和案例分析,让老师们快速掌握3D打印的原理和技能。
●
相关链接 在E读中查询图书 在五车中查询图书 在当当中查询图书 在豆瓣中查询图书


正题名:三维创意之3D打印     索取号:TS853/83         预约/预借

序号 登录号 条形码 馆藏地/架位号 状态 备注
1 1211355   212113559   第二样本阅览室/ [索取号:TS853/83] 在馆    
2 1211356   212113568   第三借阅区/ [索取号:TS853/83] 在馆    
3 1211357   212113577   第三借阅区/ [索取号:TS853/83] 在馆    
4 1211358   212113586   第三借阅区/ [索取号:TS853/83] 在馆    
唐山师范学院图书馆 欢迎您!
大连网信软件有限公司© 版权所有